Online Catalogue and eLibrary

Social Reform, Sexuality and the State (Record no. 1619)

MARC details
000 -LEADER
fixed length control field 00499nam a2200193Ia 4500
005 - DATE AND TIME OF LATEST TRANSACTION
control field 20250123054957.0
008 - FIXED-LENGTH DATA ELEMENTS--GENERAL INFORMATION
fixed length control field 240331s9999 xx 000 0 und d
020 ## - INTERNATIONAL STANDARD BOOK NUMBER
ISBN 8170365422
082 ## - DDC Classification
Item Number - Author Mark UBE
DDC Edition Number 2402
Class No. 305.30954
245 #0 - TITLE STATEMENT
Title Social Reform, Sexuality and the State
260 ## - PUBLICATION, DISTRIBUTION, ETC.
Place of publication, distribution, etc. New Delhi
-- California
-- London
Name of publisher, distributor, etc. Sage Publications
Date of publication, distribution, etc. 1996
300 ## - PHYSICAL DESCRIPTION
Extent (e.g. Volumes, Pages etc.) xxvi, 404 p.,
650 ## - SUBJECT ADDED ENTRY--TOPICAL TERM
Topical term or geographic name entry element Sexuality
650 ## - SUBJECT ADDED ENTRY--TOPICAL TERM
Topical term or geographic name entry element State
650 ## - SUBJECT ADDED ENTRY--TOPICAL TERM
Topical term or geographic name entry element Gender
650 ## - SUBJECT ADDED ENTRY--TOPICAL TERM
Topical term or geographic name entry element Society
700 ## - ADDED ENTRY--PERSONAL NAME
Personal name Uberoi, P
Relator term (Role) Editor
942 ## - Koha item type (Biblio)
Koha item type Books in Stacks (Lending)
Holdings
Lost status Damaged status Collection code Home library Current library Shelving location Date acquired Full call number Accession Number Item type
    Lending WERC Library WERC Library Social Science Cupboard 03/31/2024 305.30 SOC 2402 Books in Stacks (Lending)

© WERC Library